00457 a2200133 4500001001000000005001700010008004100027245010900068100002100177700002800198700002100226773005900247999001700306ART_2360620260410161827.0260409a 10aLa importancia de las áreas naturales protegidas en el turismo litoral de la provincia de Buenos Aires1 aBertoni, Marcela1 aLópez, María José1 aTesta, Joaquín0 tFACESg- Año 18, Nº 38/39 (ene./dic. 2012)wREV5046 c22861d22861